The Complete Martial Arts Student : The Master Guide to Basic and Advanced Classroom Strategies for Learning the Fighting Arts /

Shranjeno v:
Bibliografske podrobnosti
Glavni avtor: Sprague Martina
Format: Knjiga
Jezik:English
Izdano: Equilibrium Books, 2007.
Teme:
Oznake: Označite
Brez oznak, prvi označite!
Thư viện lưu trữ: Mạng thư viện Đại học Đà Nẵng
LEADER 01194cam a22003131a 4500
001 000035276
003 11553
005 20220701154903.0
008 151110s2007 000 eng
040 |a LNN 
041 |a ENG 
082 |a 769.8  |b SP-M 
100 |a Sprague Martina 
245 4 |a The Complete Martial Arts Student :  |b The Master Guide to Basic and Advanced Classroom Strategies for Learning the Fighting Arts /  |c Martina Sprague. 
260 |a Equilibrium Books,  |c 2007. 
300 |a 287tr :  |b ill. ;  |c 27cm. 
650 |a The Complete Martial Arts Student  |a Fighting Arts  |a Advanced Classroom Strategies 
653 |a Sprague Martina,2007,The Complete Martial Arts Student. 
816 |a Tieng Anh tham khao 
OWN |a LNN 
902 |a TKA 
AVA |a UDN50  |b LNN  |c English  |d 769.8 SP-M  |e check_holdings  |t Error 5003 Not defined in file expand_doc_bib_avail.  |h N  |j AN 
999 |a From the UDN01 
AVA |a UDN50  |b LNN  |c English  |d 769.8 SP-M  |e available  |t Error 5001 Not defined in file expand_doc_bib_avail.  |f 15  |g 0  |h N  |i 0  |j AN 
TYP |a Monograph 
TYP |a Printed language 
980 |a Mạng thư viện Đại học Đà Nẵng